000 00446nam a22001697a 4500
005 20251108171910.0
008 250721s1992 xx 000 0 ara d
082 1 4 _a133.9/فؤا
100 1 _aصروف، فؤاد
245 1 0 _aرسائل الأرواح /
264 1 _aالقاهرة :
_bدار العرب،
_c1992.
300 _a240ص
650 1 7 _aتحضير الأرواح
650 1 7 _aالروح
942 _2ddc
_cBK
999 _c65485
_d65485